|
|
|
|
| LEADER |
00000nam0a2200000 4500 |
| 001 |
292653 |
| 005 |
20231102000522.0 |
| 035 |
|
|
|a (RuTPU)RU\TPU\book\317289
|
| 090 |
|
|
|a 292653
|
| 100 |
|
|
|a 20150424d1982 km y0rusy50 ca
|
| 101 |
0 |
|
|a rus
|
| 102 |
|
|
|a RU
|
| 105 |
|
|
|a a z 001zy
|
| 200 |
1 |
|
|a Распределение значений голоморфных отображений
|f Б. В. Шабат
|
| 210 |
|
|
|a Москва
|c Наука
|d 1982
|
| 215 |
|
|
|a 288 с.
|c ил.
|
| 320 |
|
|
|a Библиогр.: с. 280-288
|
| 606 |
1 |
|
|a Голоморфные функции многих комплексных переменных
|2 stltpush
|3 (RuTPU)RU\TPU\subj\7411
|9 35080
|
| 610 |
1 |
|
|a голоморфность
|
| 610 |
1 |
|
|a отображения
|
| 610 |
1 |
|
|a распределение
|
| 610 |
1 |
|
|a характеристические функции
|
| 610 |
1 |
|
|a значения
|
| 610 |
1 |
|
|a теоремы
|
| 610 |
1 |
|
|a теорема Пикара
|
| 610 |
1 |
|
|a комплексные многообразия
|
| 675 |
|
|
|a 517.55
|v 4
|
| 700 |
|
1 |
|a Шабат
|b Б. В.
|g Борис Владимирович
|
| 801 |
|
1 |
|a RU
|b 63413507
|c 20150424
|
| 801 |
|
2 |
|a RU
|b 63413507
|c 20180406
|g RCR
|
| 942 |
|
|
|c BK
|